Multikulturalizmus a interkulturalita o jednom fenomenologickom rozlíšení

Rozlíšenie medzi multikulturalitou a interkulturalitou. Interkultúrny význam Európy. Kritika eurecentrizmu.

Gespeichert in:
Bibliographische Detailangaben
1. Verfasser: Komel, Dean
Format: Buchkapitel
Sprache:Slowakisch
Schlagworte:
Tags: Tag hinzufügen
Keine Tags, Fügen Sie das erste Tag hinzu!

MARC

LEADER 00000naa a2200000 4500
001 0161260
005 20231211124742.7
041 0 |a slo 
044 |a SK 
245 1 0 |a Multikulturalizmus a interkulturalita  |b o jednom fenomenologickom rozlíšení  |c Dean Komel 
520 |a Rozlíšenie medzi multikulturalitou a interkulturalitou. Interkultúrny význam Európy. Kritika eurecentrizmu. 
610 2 0 |a multikulturalizmus 
610 2 0 |a Európa 
610 2 0 |a história 
610 2 0 |a komunikácia interkultúrna 
610 2 0 |a filozofia 
100 1 |a Komel, Dean